000 00589nam a22001577a 4500
082 _a200
100 _aAlvi, Yasar Saleem
245 _aAnalysis of Critical Success Factors of Design Build Projects in Pakistan /
_cYasar Saleem Alvi
260 _aIslamabad :
_bMCE - NUST,
_c2014.
300 _a103 p. ;
650 _aMS-Construction Engineering and Management
_9126573
700 _aSupervisor: Lt. Col. Dr. Muhammad Bilal Khurshid
_9127090
856 _uhttp://10.250.8.41:8080/xmlui/handle/123456789/11811
942 _2ddc
_cSC
999 _c536180
_d536180